| 000 | 00802nam a2200301Ia 4500 | ||
|---|---|---|---|
| 008 | 160803s9999 xx 000 0 und d | ||
| 020 | _a9780545268431 | ||
| 100 | _aSnyder, Zilpha Keatley | ||
| 245 | 4 | _aThe bronze pen / | |
| 245 | _cZilpha Keatley Snyder. | ||
| 260 | _aNew York : | ||
| 260 | _bScholastic Inc. | ||
| 260 | _c2008 | ||
| 300 | _a200 pages ; | ||
| 300 | _c20 cm | ||
| 500 | _a"This edition is available for distribution only through the school market"--Page 2 of cover. | ||
| 650 | _aAuthorship -- | ||
| 650 | _aAuthorship -- | ||
| 650 | _aMagic -- | ||
| 650 | _aPens -- | ||
| 650 | _aPens -- | ||
| 650 | _xFiction. | ||
| 650 | _xFiction. | ||
| 650 | _xJuvenile fiction. | ||
| 650 | _xJuvenile fiction. | ||
| 650 | _xJuvenile fiction. | ||
| 700 | _a960 | ||
| 999 |
_c298223 _d298223 |
||